2000s Movies A-Z III Quiz Stats

 Plays Quiz Updated Aug 3, 2019

Score 0/26 Timer 06:00
169 Plays Today
% Correct
Anchorman: The Legend of Ron Burgundy
95.8%
The Incredibles
95.6%
Up
93.8%
X2: X-Men United
93.1%
The Hangover
92.6%
Night at the Museum
92%
The School of Rock
91.1%
Taken
88.4%
Legally Blonde
85.1%
Mean Girls
85%
Chicago
81%
A Beautiful Mind
77.6%
Paranormal Activity
76.2%
% Correct
Walk the Line
74.9%
Erin Brockovich
69.2%
The Departed
67.1%
Frida
66.6%
Old School
59%
Jay & Silent Bob Strike Back
55.6%
Zodiac
51.6%
You, Me & Dupree
39.7%
Revolutionary Road
34.1%
Good Night and Good Luck.
33.2%
Vicky Cristina Barcelona
29.9%
Kiss Kiss Bang Bang
27.9%
Quarantine
23.2%

You're not logged in!

Compare scores with friends on all Sporcle quizzes.
OR
Log In

Sporcle TV

Today on Sporcle TV


Watch our educational content, quiz creation guides, and fun videos on Sporcle TV.

Show Comments

Extras

Top Quizzes Today


Score Distribution

Your Account Isn't Verified!

In order to create a playlist on Sporcle, you need to verify the email address you used during registration. Go to your Sporcle Settings to finish the process.

Report this User

Report this user for behavior that violates our Community Guidelines.

Details: